[Event "Open Vysočina 2017"]
[Site "Třebíč"]
[Date "2017.09.30"]
[Round "9"]
[White "Zeleny, Tomas"]
[Black "Aird, Ian"]
[Result "1/2-1/2"]
[WhiteElo "1688"]
[BlackElo "1809"]
[PlyCount "35"]
[EventDate "2017.09.23"]

1. d4 {[%emt 0:00:00]} Nf6 2. Bf4 g6 3. Nf3 Bg7 4. c4 O-O 5. h3 c5 6. e3 cxd4
7. exd4 d5 8. Nc3 Nc6 9. Be2 dxc4 10. Bxc4 Na5 11. Be2 Be6 12. O-O Rc8 13. Re1
Nd5 14. Nxd5 Bxd5 15. Ne5 Nc4 16. b3 Nxe5 17. Bxe5 e6 18. Qd2 1/2-1/2

[Event "Open Vysočina 2017"]
[Site "Třebíč"]
[Date "2017.09.30"]
[Round "9"]
[White "Zacharias, Miroslav"]
[Black "Navratilova, Alena"]
[Result "1/2-1/2"]
[WhiteElo "1777"]
[BlackElo "1692"]
[PlyCount "152"]
[EventDate "2017.09.23"]

1. e4 {[%emt 0:00:00]} e6 2. d4 d5 3. Nd2 dxe4 4. Nxe4 Nd7 5. Nf3 h6 6. Bd3
Ngf6 7. Nxf6+ Nxf6 8. O-O Bd6 9. Re1 O-O 10. Ne5 a6 11. Qf3 Nh7 12. Bxh7+ Kxh7
13. g3 Bxe5 14. dxe5 Qd5 15. Qg4 b6 16. Qd1 Bb7 17. Qxd5 Bxd5 18. Be3 Rfd8 19.
f4 Rd7 20. Kf2 Rad8 21. b3 Bb7 22. a4 Rd5 23. g4 g6 24. h4 Rg8 25. Rg1 Bc6 26.
Rg3 Rdd8 27. Rh3 h5 28. Rg3 hxg4 29. Rxg4 Be4 30. Rc1 Rd7 31. Rgg1 Rgd8 32.
Rge1 Bf5 33. Kf3 Kh6 34. Rg1 Rd5 35. Rh1 R5d7 36. a5 bxa5 37. Bc5 Rd2 38. Be7
R8d4 39. Ke3 Bg4 40. Ra1 Rd1 41. Rhxd1 Rxd1 42. Rxa5 Re1+ 43. Kd4 Rd1+ 44. Kc3
Be2 45. Rc5 Rd7 46. Bf6 Kh5 47. Bg5 Bf3 48. Kb4 c6 49. Ra5 Rb7+ 50. Kc3 Be2 51.
Kd2 Bf1 52. Ra3 c5 53. c4 Rd7+ 54. Ke1 Bd3 55. Rxa6 Bc2 56. Rb6 Rd1+ 57. Ke2
Rd7 58. Rb5 Kg4 59. Ke3 Rd3+ 60. Ke2 Rd7 61. Rb6 Bd1+ 62. Ke3 Bc2 63. Rb5 Rd3+
64. Ke2 Rxb3 65. Rxc5 Rb7 66. Kd2 Be4 67. Kc3 Kf3 68. Rb5 Rc7 69. Kb4 Bd3 70.
Rc5 Rb7+ 71. Kc3 Ke4 72. Rc8 Be2 73. c5 Kd5 74. Bh6 Bb5 75. Kd2 Bc6 76. Bg5
Kxc5 1/2-1/2

[Event "Open Vysočina 2017"]
[Site "Třebíč"]
[Date "2017.09.30"]
[Round "9"]
[White "Reimer, Karl"]
[Black "Kovacs, Ivan"]
[Result "0-1"]
[WhiteElo "1537"]
[BlackElo "1552"]
[PlyCount "86"]
[EventDate "2017.09.23"]

1. b4 d5 2. e3 e6 3. Bb2 Nf6 4. a3 Bd6 5. Nf3 O-O 6. c4 b6 7. Nc3 Bb7 8. Nb5 c6
9. Nxd6 Qxd6 10. Bd4 Nbd7 11. Qc2 c5 12. Bc3 dxc4 13. Be2 b5 14. O-O Ne4 15.
Bb2 h6 16. Rfd1 cxb4 17. axb4 Rfc8 18. d3 Nef6 19. dxc4 Qxb4 20. Ba3 Qa5 21. c5
b4 22. Bb2 Qxc5 23. Qxc5 Rxc5 24. Bd4 Rcc8 25. Rxa7 Rxa7 26. Bxa7 b3 27. Bd4
Rc2 28. Bd3 Ra2 29. Ra1 Rxa1+ 30. Bxa1 Nc5 31. Bc4 Nfe4 32. Kf1 Nd6 33. Be2 Na4
34. Be5 b2 35. Nd2 Ne4 36. Nb1 f6 37. f3 fxe5 38. Bc4 Nec3 39. Bxe6+ Kf8 40.
Bf5 Nxb1 41. Bc2 Nac3 42. Ke1 e4 43. f4 Ba6 0-1

[Event "Open Vysočina 2017"]
[Site "Třebíč"]
[Date "2017.09.30"]
[Round "9"]
[White "Zelena, Irena"]
[Black "Tarimo, Didik Widiarso"]
[Result "0-1"]
[WhiteElo "1164"]
[BlackElo "1542"]
[PlyCount "58"]
[EventDate "2017.09.23"]

1. d4 {[%emt 0:00:00]} Nf6 2. Bf4 d5 3. Nf3 c5 4. e3 Nc6 5. Nc3 Bf5 6. Bd3 Ne4
7. Nb5 Rc8 8. Ng5 c4 9. Be2 a6 10. Nc3 Nxc3 11. bxc3 Qa5 12. O-O Qxc3 13. Qb1
b5 14. Bd1 e6 15. g4 Bg6 16. e4 dxe4 17. h4 h6 18. h5 hxg5 19. Be3 Bh7 20. f4
Qxe3+ 21. Kh1 gxf4 22. Qc1 Qh3+ 23. Kg1 f3 24. Qd2 Qxg4+ 25. Kf2 Qh4+ 26. Kg1
Qg3+ 27. Kh1 Bd6 28. Rg1 Qh3+ 29. Qh2 Qxh2# 0-1

[Event "Open Vysočina 2017"]
[Site "Třebíč"]
[Date "2017.09.30"]
[Round "9"]
[White "Norlander, Svante"]
[Black "Divis, Jan"]
[Result "0-1"]
[WhiteElo "1583"]
[BlackElo "1570"]
[PlyCount "86"]
[EventDate "2017.09.23"]

1. e4 d5 2. exd5 Qxd5 3. Nc3 Qa5 4. d4 Nf6 5. Bc4 c6 6. Nf3 Bg4 7. Bxf7+ Kxf7
8. Bd2 Qh5 9. Qe2 Bxf3 10. gxf3 Nbd7 11. O-O-O Ke8 12. Kb1 Qf7 13. h4 h6 14.
Bf4 Rc8 15. d5 Nxd5 16. Rxd5 cxd5 17. Bg3 a6 18. Rd1 Rxc3 19. bxc3 Qf5 20. Bc7
e6 21. f4 Be7 22. c4 dxc4 23. h5 Qb5+ 24. Ka1 c3 25. Qxb5 axb5 26. a4 b4 27.
Ka2 Nf6 28. Re1 Kf7 29. Re5 Nd5 30. Ba5 b6 31. Bxb6 Nxb6 32. a5 Nd5 33. f5 Ra8
34. fxe6+ Kf6 35. Rxd5 Kxe6 36. Rb5 Ra6 37. Rb6+ Rxb6 38. axb6 Kd7 39. f3 Kc6
40. b7 Kxb7 41. f4 Kc6 42. f5 Kb5 43. Kb3 Bg5 0-1